000 01302cam a22002891i 4500
003 SA-RiAUC
005 20251029082756.0
008 251024s1973 su g 000r0bara c
040 _aSA-JeALM
_bara
_cSA-RiAUC
_erda
082 0 4 _a239.9082
_qSA-RiAUC
090 _a239.9082
_bر ف ا
100 1 _aالرفاعي، عبد العزيز أحمد عبد الكريم،
_d1342-1413 هجري
_eمؤلف.
245 1 0 _aأم عمارة :
_bالصحابية الباسلة /
_cعبد العزيز الرفاعي.
250 _aالطبعة الثانية.
264 1 _aالرياض :
_bدار الرفاعي.
_c1973
300 _a80 صفحة ؛
_c17 سم.
336 _aنص
_btxt
_2rdacontent
_3كتاب
337 _aبدون وسيط
_bn
_2rdamedia
338 _aمجلد
_bnc
_2rdacarrier
490 1 _aالمكتبة الصغيرة ؛
_v6
501 _aمع : توثيق الارتباط بالتراث العربي / عبد العزيز الرفاعي.
600 1 7 _aأم عمارة، نسيبة بنت كعب بن عوف،
_bتوفي حوالي 13 هجري.
_2aucnm
650 7 _aالصحابة والتابعون
_vتراجم
_2aucsh
830 2 _aالمكتبة الصغيرة (مكتبة الرياض الحديثة)
_v6
942 _2ddc
_cBOOK
_n0
949 _aSA-JeALM
_d251024
_umohamedma123
_n1
999 _c12753
_d12753